| 000 | 00524cam a22002171 4500 | ||
|---|---|---|---|
| 001 | sa 64005645 | ||
| 003 | DLC | ||
| 005 | 20260227112034.0 | ||
| 008 | 911127m19591964ii 000 0 kano | ||
| 010 | _asa 64005645 | ||
| 035 | _a(OCoLC)24868255 | ||
| 040 |
_aDLC _cWaU _dDLC |
||
| 042 | _apremarc | ||
| 050 | 0 | 0 |
_aPK3655 _b.K3 1959 |
| 100 | 0 | _aVālmīki. | |
| 245 | 1 | 0 | _aŚrīmadrāmāyaṇa. |
| 260 | _c[1959-64; v.1, 1962] | ||
| 300 |
_a6 v. _c18 cm. |
||
| 500 | _aIn Kannada. | ||
| 700 | 1 | _aSītārāmasāstri, M. | |
| 999 |
_c59237 _d59237 |
||